00354nam a2200133 a 450000500170000000800410001702000150005805000230007310000170009624500390011326000350015230000210018765000120020820140310183147.0030509s19uu xx 00 eng d a0373440332 aPS 648b.D281 1998 aDean, Alyssa aMistletoe Mischief /cAlyssa Dean. aAustralia :bSilhoutte,c1998. a222 p. :c18 cm. aFiction